000
00308nam a2200145Ia 4500
999
_c
14207
_d
14207
003
OSt
005
20260304161910.0
008
260210s9999 xx 000 0 und d
020
_a
9788496424821
082
_a
711
100
_a
Lam
245
0
_a
Landscape Design Uk
260
_b
Links
942
_c
BPLAN
_2
ddc